zpět

Detail výsledku týmu

Baarovka, České Budějovice

Datum a čas kvízu

27.5 Celkem bodů Celkový počet nahraných bodů na tomto kvízu bez doplňovacích otázek.
7. Pořadí na kvízu Konečné umístění týmu na tomto kvízu.

Zaznamenané odpovědi

# Otázka Odpověď Body Výsledky
1. V ostravské zoologické zahradě... o mývaly severní 0
2. Balendra Šáh se v pátek stal p... A 0
3. První ukázku ze své novinky po... Pět švestek 0
4. Automobilka Škoda se rozhodla... v Číně 1
5. Který hráč zvítězil minulý týd... Pavel Šulc 1
6. „Jaké je hlavní město Gabonské... D 0
7. AZ Kvíz se na obrazovkách obje... 1 100 Kč 0
8. Doplňte tři slova do sloganu s... který vám zaplatí 1
9. Pod kterým názvem jsme mohli z... Rejžuj! 0
10. Kdo byl moderátorem soutěže, j... Marek Eben, Valtice 0.5